000 00718nam a2200277Ia 4500
005 20260324132658.0
008 008 260324s9999 xx 000 0 eng d
020 _a9781410610959
037 _aEBOOK
040 _aCRL
040 _beng
040 _cCRL
041 _2eng
041 _aeng
084 _qCRL
100 _aArthur T. Costigan; David Milton Gerwin; Karen Kepler Zumwalt; Margaret Smith Crocco
_91190206
245 0 _aLearning To Teach in an Age of Accountability
260 _bTaylor and Francis
260 _c2004
365 _a
365 _b200
856 _uhttp://www.taylorfrancis.com/books/9781410610959
942 _cEBOOK
999 _c1788519
_d1788519